000 00812nam a22002297a 4500
005 2008090307237.0
008 080903t xxu||||| |||| 00| 0 eng d
010 _aENG-90891
020 _a9788178803784
_c750.00
035 _aEN-74424
037 _bDBAD / PUB
040 _aDPL
_bEnglish
082 _a581.4
100 _aMenan, A.B.
245 _aIntroduction to plant anatomy /
_cby A.B. Manan
260 _aNew Delhi
_bRajat Publications
_c2008
270 _a4675/21, Ansari Raod, Darya Ganj,
_bNew Delhi
_e110002
300 _avii, 298p.:
_c23 cm (Hb)
_bill.
650 _aplant anatomy
942 _2ddc
_cEN
_mMEN
_h581.4
999 _c15308
_d15308